| 000 | 00356nam a2200133Ia 4500 | ||
|---|---|---|---|
| 005 | 20260328104311.0 | ||
| 008 | 260328s9999||||xx |||||||||||||| ||und|| | ||
| 100 | _aKotnik, Jure | ||
| 245 | 0 |
_aNuevo Diseño en Guarderías : _b Manual Práctico y 37 Proyectos. / _cJure Kotnik |
|
| 260 | _bLinks | ||
| 300 | _a312 p. | ||
| 650 | _aARQUITECTURA | ||
| 942 | _cBK | ||
| 999 |
_c10960 _d10960 |
||